000 00275nam a22001097a 4500
008 170116b xxu||||| |||| 00| 0 eng d
020 _a9780781761000
041 _aeng
080 _26TH
_a618.2
245 _aCONCEPTUAL BASES OF PROFESSIONAL NURSING
_cHOOD, L.K
942 _2udc
_cBK
999 _c2969
_d2969